| 000 | 01227cam a22003014a 4500 | ||
|---|---|---|---|
| 999 |
_c330514 _d330514 |
||
| 001 | 12252685 | ||
| 003 | NUST | ||
| 005 | 20170718154513.0 | ||
| 008 | 001207s2001 enka b 001 0 eng | ||
| 010 | _a 00069054 | ||
| 020 | _a0748409521 (hbk.) | ||
| 020 | _a074840953X (pbk.) | ||
| 040 |
_aDLC _beng _cDLC _dDLC |
||
| 042 | _apcc | ||
| 050 | 0 | 0 |
_aTA166 _b.K78 2001 |
| 082 | 0 | 0 |
_a620.82 KRO _221 |
| 100 | 1 |
_aKroemer, K. H. E., _d1933- _93403 |
|
| 245 | 1 | 0 |
_aOffice ergonomics / _cKarl H.E. Kroemer and Anne D. Kroemer. |
| 260 |
_aLondon ; _aNew York : _bTaylor & Francis, _c2001. |
||
| 300 |
_ax, 258 p. : _bill. ; _c24 cm. |
||
| 500 | _aP.B | ||
| 504 | _aIncludes bibliographical references and index. | ||
| 650 | 0 |
_aHuman engineering. _92301 |
|
| 650 | 0 |
_aWork environment. _93404 |
|
| 700 | 1 |
_aKroemer, Anne D. _93405 |
|
| 856 | 4 | 2 |
_3Publisher description _uhttp://www.loc.gov/catdir/enhancements/fy0741/00069054-d.html |
| 906 |
_a7 _bcbc _corignew _d1 _eocip _f20 _gy-gencatlg |
||
| 942 |
_2ddc _cBK _kIESE-1147 |
||